[Podnikateľské riziko]

Recenzia na učebnicu, ktorá je rozdelená do deviatich na seba nadväzujúcich kapitol. Obsahom je prepojenie riadenia rizík so všetkými oblasťami podnikového riadenia, vymedzenie významu, postavenie a úlohy riadenia rizík v podniku.

Salvato in:
Dettagli Bibliografici
Autore principale: Foltínová, Alžbeta
Natura: Capitolo di libro
Lingua:slovacco
Soggetti:
Tags: Aggiungi Tag
Nessun Tag, puoi essere il primo ad aggiungerne!!

MARC

LEADER 00000naa a2200000 4500
001 0136179
005 20240502072526.3
041 0 |a slo 
044 |a SK 
245 1 0 |a [Podnikateľské riziko]  |c Alžbeta Foltínová 
520 |a Recenzia na učebnicu, ktorá je rozdelená do deviatich na seba nadväzujúcich kapitol. Obsahom je prepojenie riadenia rizík so všetkými oblasťami podnikového riadenia, vymedzenie významu, postavenie a úlohy riadenia rizík v podniku. 
610 2 0 |a recenzie 
610 2 0 |a riziko podnikateľské 
610 2 0 |a riadenie rizík 
610 2 0 |a risk management 
610 2 0 |a riadenie podnikové 
100 1 |a Foltínová, Alžbeta